| 000 | 00697nam a22002534a 4500 | ||
|---|---|---|---|
| 999 |
_c160701 _d160701 |
||
| 003 | UPN | ||
| 005 | 20240803063812.0 | ||
| 008 | 121114s2005 es gr 000 f spa d | ||
| 020 | _a8423674789 | ||
| 035 | _aUPN01000188598 | ||
| 040 |
_aUPN _bspa _cUPN |
||
| 049 | _aCG | ||
| 050 | 4 |
_aPQ6701 L3.6 _bLL4.6 |
|
| 100 | 1 |
_aAlapont Ramon, Pasqual, _d1963- _930245 |
|
| 245 | 1 | 0 |
_aLlenos de rabia / _cPasqual Alapont. |
| 260 |
_aBarcelona, Esp. : _bEdebé, _c2005. |
||
| 300 | _a173 p. | ||
| 490 |
_aPeriscopio ; _v88 |
||
| 534 |
_pTítulo original: _tPlens de ràbia |
||
| 650 | 4 |
_aNovela española _910814 |
|
| 650 | 0 |
_aAmistad en la literatura _910763 |
|
| 905 | _aLibro | ||
| 942 |
_2lcc _cLIBRO |
||